<?xml version="1.0" encoding="UTF-8"?>
<record
    xmlns:xsi="http://www.w3.org/2001/XMLSchema-instance"
    xsi:schemaLocation="http://www.loc.gov/MARC21/slim http://www.loc.gov/standards/marcxml/schema/MARC21slim.xsd"
    xmlns="http://www.loc.gov/MARC21/slim">

  <leader>01397nam a22002777a 4500</leader>
  <controlfield tag="001">7086</controlfield>
  <controlfield tag="003">FISKH</controlfield>
  <controlfield tag="005">20250620132215.0</controlfield>
  <controlfield tag="008">250620b        cb ||||| |||| 00| 0 eng d</controlfield>
  <datafield tag="020" ind1=" " ind2=" ">
    <subfield code="a">9789814230100</subfield>
  </datafield>
  <datafield tag="040" ind1=" " ind2=" ">
    <subfield code="a">FISKH</subfield>
    <subfield code="b">eng</subfield>
    <subfield code="c">FISKH</subfield>
    <subfield code="d">FISKH</subfield>
  </datafield>
  <datafield tag="050" ind1=" " ind2=" ">
    <subfield code="a">PZ7 </subfield>
  </datafield>
  <datafield tag="082" ind1=" " ind2=" ">
    <subfield code="a">398.2</subfield>
  </datafield>
  <datafield tag="100" ind1=" " ind2=" ">
    <subfield code="a">Anonymous </subfield>
  </datafield>
  <datafield tag="245" ind1=" " ind2=" ">
    <subfield code="a">The Bee and the Dove and other stories /</subfield>
  </datafield>
  <datafield tag="260" ind1=" " ind2=" ">
    <subfield code="a">Selangor : </subfield>
    <subfield code="b">Future Ace Publishing,</subfield>
    <subfield code="c">2004.</subfield>
  </datafield>
  <datafield tag="300" ind1=" " ind2=" ">
    <subfield code="a">18 pages : </subfield>
    <subfield code="b">color illustrations ; </subfield>
    <subfield code="c">18 cm</subfield>
  </datafield>
  <datafield tag="505" ind1=" " ind2=" ">
    <subfield code="a">J
</subfield>
  </datafield>
  <datafield tag="520" ind1=" " ind2=" ">
    <subfield code="a">The Bee and the Dove and Other Stories is a collection of classic Aesop&#x2019;s fables retold in simple language for young readers. Each story teaches a moral lesson through the actions of animals and nature.

In the title story, a bee falls into a stream and is rescued by a kind dove. Later, when a hunter aims to shoot the dove, the bee returns the kindness by stinging the hunter, saving the dove. This fable teaches the importance of kindness and gratitude&#x2014;that even small creatures can make a big difference.

Other stories in the book carry similar moral messages about honesty, friendship, helping others, and being wise.</subfield>
  </datafield>
  <datafield tag="521" ind1="8" ind2=" ">
    <subfield code="a">500
</subfield>
    <subfield code="b">Lexile estimate 
</subfield>
  </datafield>
  <datafield tag="521" ind1="8" ind2=" ">
    <subfield code="a">J
</subfield>
    <subfield code="b">Raz-Plus
</subfield>
  </datafield>
  <datafield tag="650" ind1=" " ind2=" ">
    <subfield code="a">Aesop&#x2019;s Fables    </subfield>
    <subfield code="v">Gratitude  </subfield>
    <subfield code="x">Animal Stories </subfield>
  </datafield>
  <datafield tag="650" ind1=" " ind2=" ">
    <subfield code="a">Moral Stories </subfield>
    <subfield code="v">Friendship</subfield>
    <subfield code="x">Kindness  </subfield>
  </datafield>
  <datafield tag="942" ind1=" " ind2=" ">
    <subfield code="2">ddc</subfield>
    <subfield code="c">BK</subfield>
    <subfield code="n">0</subfield>
  </datafield>
  <datafield tag="999" ind1=" " ind2=" ">
    <subfield code="c">7086</subfield>
    <subfield code="d">7086</subfield>
  </datafield>
  <datafield tag="952" ind1=" " ind2=" ">
    <subfield code="0">0</subfield>
    <subfield code="1">0</subfield>
    <subfield code="2">ddc</subfield>
    <subfield code="4">0</subfield>
    <subfield code="7">0</subfield>
    <subfield code="8">JUVF</subfield>
    <subfield code="a">001</subfield>
    <subfield code="b">001</subfield>
    <subfield code="c">TK Blue</subfield>
    <subfield code="d">2025-06-20</subfield>
    <subfield code="l">1</subfield>
    <subfield code="o">ANO 398.2 PZ7 </subfield>
    <subfield code="p">FISTKG1B058</subfield>
    <subfield code="r">2025-11-12 14:01:37</subfield>
    <subfield code="s">2025-10-22</subfield>
    <subfield code="t">1</subfield>
    <subfield code="w">2025-06-20</subfield>
    <subfield code="y">BK</subfield>
  </datafield>
</record>
